000 00344nam a2200157Ia 4500
003 Ost
005 20260225132600.0
008 260225s9999||||xx |||||||||||||| ||und||
040 _cfsic
041 _afre
082 _a70.4
100 _aMax Weber
_eAuteur
245 0 _ale savant et le politique /
245 0 _cMax Weber
942 _cكتاب
999 _c34697
_d34697